| 000 | 00778nam a22002297a 4500 | ||
|---|---|---|---|
| 999 |
_c7024 _d7024 |
||
| 003 | AR-CdUCM | ||
| 008 | 190319b ||||| |||| 00| 0 spa d | ||
| 020 | _a84-205-0654-0 | ||
| 040 |
_aMUNICIPALIDAD PROVINCIAL DEL CUSCO _cBIBLIOTECA MUNICIPAL DEL CUSCO |
||
| 082 |
_24ed. (reimpresión) _a610.3 / _bH88 |
||
| 100 |
_aRuiz Torres, Francisco _919796 |
||
| 245 |
_aDiccionario de términos médicos : _bInglés-Español, Español-Inglés / |
||
| 260 |
_aMadrid : _bAlhambra, _c1981. |
||
| 300 |
_aXIII, 593 páginas ; _c24 cm. |
||
| 500 | _aTexto en español y inglés. | ||
| 505 | _aContenido: Diccionario, Alfa-zurdo. | ||
| 650 |
_aMedicina _93637 |
||
| 650 |
_aDiccionario español _918264 |
||
| 650 |
_aDiccionario inglés _915624 |
||
| 942 |
_2ddc _cLIBROS |
||
| 945 | _aachl | ||